2017-南巨摩郡(山梨県)の駅 - Statistics

General Stats
  • This quiz has been taken 3 times
  • The average score is 8 of 12
Answer Stats
Answer % Correct
身延
100%
波高島
100%
下部温泉
100%
甲斐常葉
100%
十島
67%
井出
67%
内船
67%
甲斐大島
67%
久那土
67%
寄畑
33%
塩之沢
33%
市ノ瀬
33%
No matching quizzes found
Score Distribution
Percent of People with Each Score
Percentile by Number Answered
Your Score History
You have not taken this quiz